| 000 | 00360nam a22001457a 4500 | ||
|---|---|---|---|
| 999 |
_c8045 _d8045 |
||
| 003 | OSt | ||
| 005 | 20200626154624.0 | ||
| 008 | 200626b ||||| |||| 00| 0 eng d | ||
| 020 | _a9789881566164 | ||
| 082 |
_a725.1 _bLIU |
||
| 100 | _aLiu, Hanlin | ||
| 245 | _aMunicipal architecture | ||
| 260 |
_aHong Kong _b Design Media Publishing Ltd; _c2013 |
||
| 942 | _2ddc | ||